[Event "EU-Cup 25th"]
[Site "Ohrid"]
[Date "2009.10.07"]
[Round "4.1"]
[White "Svidler, Peter"]
[Black "Mamedyarov, Shakhriyar"]
[Result "1-0"]
[WhiteElo "2741"]
[BlackElo "2721"]
[Annotator "Knaak,R"]
[PlyCount "47"]
[EventDate "2009.10.04"]
[EventType "team-swiss"]
[EventRounds "7"]
[EventCountry "MKD"]
[SourceTitle "CBM 133"]
[Source "ChessBase"]
[SourceDate "2009.11.19"]
[SourceVersion "1"]
[SourceVersionDate "2009.11.19"]
[SourceQuality "1"]
[WhiteTeam "St Petersburg"]
[BlackTeam "Skopje Alkaloid"]
[WhiteTeamCountry "RUS"]
[BlackTeamCountry "MKD"]

1. e4 d6 2. d4 Nf6 3. Nc3 g6 4. g3 {This is not considered the most promising
continuation, but it may be the correct one against a player such as
Mamedyarov who is always looking for the initiative. Dies gilt nicht als
aussichtsreichste Fortsetzung, doch gegen solch einen die Initiative suchenden
Spieler wie Mamedyarov mag sie gerade richtig sein.} Bg7 5. Bg2 O-O 6. Nge2 e5
7. h3 Nc6 8. Be3 Nd7 9. f4 $5 {It would have been interesting to know what
Black had up his sleeve against the normal continuation 9.0-0. Es wäre
interessant gewesen, was der Schwarze gegen die Normalfortsetzung 9.0-0 in
petto gehabt hätte.} b5 $6 {Such aggressive moves are in the style of the
player with the black pieces, but in playing them he shows his cards too soon.
White was still perhaps fancying queenside castling, but now of course he puts
his king in safety on the other side of the board.  Solch aggressive Züge
passen gut zu dem Führer der schwarzen Steine, doch er deckt damit zu früh
seine Karten auf. Weiß hatte vielleicht auch noch mit der langen Rochade
geliebäugelt, doch nun bringt er natürlich seinen König auf der anderen Seite
in Sicherheit.} 10. a3 a6 11. O-O Bb7 $6 {I don't like this move. What can the
bishop do there?  Das gefällt mir nicht, was soll der Läufer da?} 12. dxe5 dxe5
13. f5 Nb6 14. Nd5 $1 {A strong move, because Black can hardly leave the
knight there. Ein starker Zug, denn der Nachziehende kann den Springer kaum da
stehen lassen.} Nxd5 15. exd5 Na5 $6 {From a practical point of view, the
losing move. Das ist aus praktischer Sicht der Verlustzug.} ({After Mit} 15...
Nd4 {Black may, however, not be able to equalise either, but there is no
variation in which White wins material or achieves a clear advantage in any
other way, e.g. kann Schwarz allerdings auch nicht ausgleichen, aber es gibt
keine Variante, in der Weiß Material gewinnt oder auf andere Weise schnell zu
einem deutlichen Vorteil gelangt, z.B.} 16. Nxd4 exd4 17. Bxd4 Bxd5 18. f6 Bh6
19. Bc5 Bxg2 20. Kxg2 Qxd1 21. Raxd1 Rfd8 22. Be7 Rxd1 23. Rxd1 {, but perhaps
Mamedyarov also evaluated this position as lost. , aber vielleicht hat
Mamedyarov diese Stellung auch als verloren eingeschätzt.}) 16. b3 $1 {Simple
and strong. The a5 knight is now posted missing. Einfach und stark, der
Springer a5 ist nun abgemeldet.} Bc8 17. g4 Nb7 18. d6 $1 {Very elegant play.
Sehr elegant gespielt.} cxd6 19. Nc3 {If you take a look at the effectiveness
of all the minor pieces, then you know how things stand. Man schaue sich nur
die Wirkung aller Leichtfiguren an, dann weiß man, wie es steht.} Rb8 20. Nd5 {
The threat is above all 21.f6. Es droht vor allem 21.f6.} gxf5 ({Or Oder} 20...
f6 21. Bb6 $1 Qd7 22. Ba7 Ra8 23. Nb6 {etc. usw.}) 21. gxf5 Qh4 22. Bf2 Qg5 23.
h4 Qd8 24. f6 1-0

[Event "Bundesliga 9899"]
[Site "Germany"]
[Date "1999.02.20"]
[Round "10.6"]
[White "Heissler, Jakob"]
[Black "Kasimdzhanov, Rustam"]
[Result "0-1"]
[WhiteElo "2450"]
[BlackElo "2595"]
[Annotator "Knaak,R"]
[PlyCount "80"]
[EventDate "1998.10.17"]
[EventType "team-tourn"]
[EventRounds "15"]
[EventCountry "GER"]
[SourceTitle "GER-chT"]
[Source "ChessBase"]
[SourceDate "1999.07.01"]
[SourceVersion "1"]
[SourceVersionDate "1999.07.01"]
[SourceQuality "1"]
[WhiteTeam "Werder Bremen"]
[BlackTeam "Solingen"]
[WhiteTeamCountry "GER"]
[BlackTeamCountry "GER"]

1. e4 g6 2. d4 Bg7 3. c3 d6 4. Nf3 Nf6 5. Nbd2 O-O 6. Bd3 c5 7. O-O cxd4 8.
cxd4 Nc6 9. a3 Ne8 10. d5 Ne5 11. Be2 e6 $1 {Schwarz nimmt eine Schwächung der
Bauernstruktur in Kauf und setzt voll auf seinen Entwicklungsvorsprung.} 12.
dxe6 Bxe6 13. Nd4 Bd7 14. Nc4 Nxc4 15. Bxc4 Nf6 16. f3 {Ob Weiß den Bauern e4
anders decken kann, ist fraglich. Aber nun entfaltet Kasimdshanow auf den
schwarzen Diagonalen eine gnadenlose Initiative.} (16. Qd3 Re8 17. Bg5 Qb6)
16... d5 $1 17. exd5 Re8 {Verhindert Le3.} 18. Kh1 Nh5 $1 {Mit der Idee Dd8-h4.
} 19. g4 Nf6 20. Qd3 Rc8 21. Bd2 h5 $1 {Vermutlich hat der Usbeke hier schon
die gesamte Kombination berechnet.} 22. g5 Nh7 23. f4 {[#] Der weiße König
steht doch ziemlich sicher, oder?} Re4 $3 24. Bc3 ({Nach} 24. Qxe4 Rxc4 25. Bc3
Bf5 {kann die weiße Dame nicht mehr d4 und d5 gleichzeitig decken.}) 24... Rxd4
$1 25. Bxd4 Bf5 26. Qc3 Nxg5 $1 {Das Mattbild mit Le4+ und anschließend Sh3
taucht vor unserem geistigen Auge auf, aber noch deckt die weiße Dame das Feld
h3.} 27. Bxg7 ({Nach} 27. fxg5 Be4+ 28. Kg1 Qxg5+ 29. Kf2 Rxc4 $1 30. Qxc4 Qd2+
{geht's dem König an den Kragen.}) 27... Rxc4 {Hier gibt es eine schnellere
Nebenlösung:} (27... Be4+ $1 28. Kg1 Rxc4 $1 29. Qe3 Qb6 $1 30. Rfe1 Nf3+ {etc.
}) 28. Qxc4 Be4+ {Jetzt wird die Ernte eingefahren.} 29. Qxe4 ({Nach} 29. Rf3 {
ist dies eine von mehreren Gewinnvarianten:} Bxd5 30. Bf6 Bxf3+ 31. Kg1 Nh3+
32. Kf1 Qxf6 33. Qc8+ Kg7 34. Qxh3 Be2+ 35. Ke1 Qxb2 {etc.}) 29... Nxe4 30. Be5
Qxd5 31. Kg1 Ng5 $1 {Gewinnt noch einen Bauern.} 32. fxg5 Qxe5 33. Rf2 Qxg5+
34. Kh1 h4 35. Raf1 h3 36. Rd1 Qe3 37. Rdf1 Qe4+ 38. Kg1 g5 39. Rc1 Kg7 40. Rc7
Qg4+ 0-1

[Event "Bad Lauterberg Bohemia"]
[Site "Bad Lauterberg"]
[Date "1991.11.09"]
[Round "5"]
[White "Romanishin, Oleg M"]
[Black "Knaak, Rainer"]
[Result "1-0"]
[WhiteElo "2600"]
[BlackElo "2535"]
[Annotator "Knaak,R"]
[PlyCount "103"]
[EventDate "1991.11.05"]
[EventType "tourn"]
[EventRounds "11"]
[EventCountry "GER"]
[EventCategory "10"]
[SourceTitle "CBM 027"]
[Source "ChessBase"]
[SourceDate "1992.04.01"]
[SourceVersion "1"]
[SourceVersionDate "1992.04.01"]
[SourceQuality "1"]

1. d4 {Stohl} Nf6 2. Nf3 g6 3. g3 Bg7 4. Bg2 O-O 5. O-O d6 6. Nc3 Nbd7 (6... d5
7. Bg5 c6 8. Re1 Bf5 9. Nh4 Be6 10. Qd2 Nbd7 11. e4 dxe4 12. Nxe4 Nxe4 13. Bxe4
Nf6 14. Bg2 $14) 7. e4 e5 8. a4 a5 (8... c6 $142 9. a5 Re8 10. Re1 Qc7 11. h3
Rb8 12. Be3 b5 13. axb6 axb6 14. d5 Bb7 15. Nd2 b5 16. dxc6 Bxc6 $15 {
Romanischin-Hansen C. Groningen 1991}) 9. h3 Re8 (9... c6 $142 {Stohl}) 10. Re1
exd4 (10... c6 11. Be3 exd4 12. Nxd4 (12. Bxd4 $1 Qc7 13. Nd2 b6 14. f4 Ba6 15.
Qf3 Re7 16. Qf2 Rae8 17. Rab1 Nc5 18. Kh2 Nh5 19. Nb3 Bxd4 20. Nxd4 $14 {
Landa,K-Akopjan,URS-quaIJ Jurmala 1989}) 12... Nc5 13. f3 Nfd7 14. Bf2 $6 Qb6
15. b3 Nf8 16. Qd2 Qb4 17. Rad1 Be6 18. Nb1 Qxd2 19. Nxd2 Nfd7 20. f4 d5 21.
exd5 Bxd5 22. Bxd5 cxd5 $10 {Romanischin-Akopjan,Erevan 1989}) 11. Nxd4 Nc5 12.
Bf4 (12. b3 {Stohl} Ne6 13. Nxe6 Bxe6 14. Bb2 Bd7 15. Qd2 Bc6 16. Rad1 Nd7 17.
Qc1 Nc5 18. Nd5 Bxd5 19. Rxd5 Bxb2 20. Qxb2 Qe7 $10 {Luecke,N-Vadasz,L,
Borsodtavho 1991-EXP 23}) 12... Nh5 13. Be3 Nf6 14. Bf4 Nh5 15. Be3 Nf6 16. f3
b6 $1 {קe4} (16... c6 17. Qd2 (17. Bf2 $14 {Stohl}) 17... Qb6 18. b3 Nfd7 19.
Nde2 Qb4 20. Rad1 $14 {/\Nb1}) 17. Bf2 (17. Ndb5 $5 $36 {Stohl}) 17... Bb7 18.
Qd2 h5 19. Rad1 Re5 $5 (19... Re7 $142) 20. b3 Qf8 21. Ndb5 (21. f4 {Stohl}
Rxe4 $5 $146) 21... Rc8 22. Bd4 Re7 23. Be3 Rce8 24. h4 (24. g4 hxg4 25. hxg4
Nh7 {/\f5} 26. Bh3 Be5 $132) 24... Kh7 25. Bg5 Ne6 26. Be3 Qh8 $5 (26... Nc5 $1
) (26... Bh6 27. Bh3 Bxe3+ 28. Rxe3 Nc5 $10 {/\Qg7}) 27. Ne2 Nd7 (27... d5 28.
e5 Nd7 29. f4 f6 30. f5 $1 gxf5 31. Qd3 Nxe5 32. Qxf5+ Kg8 33. c4 Ng4 34. Bd2
Qh7 35. Qxh7+ Kxh7 36. cxd5 Nc5 37. Nf4 $16) 28. Kh1 Ne5 29. Ng1 Qf8 30. Nc3 f5
$5 (30... Nc5 $14 {Stohl}) 31. Nd5 Rf7 $2 (31... fxe4 $1 32. fxe4 $13) (31...
Bxd5 {Stohl} 32. exd5 Nc5 33. Nh3 $16 {><g5,e6}) 32. f4 $1 Ng4 33. Nh3 $16 Kh8
(33... Nxe3 {Stohl} 34. Rxe3 $36) 34. Bg1 Nh6 35. Bf2 Ng4 36. Bg1 Nh6 37. Bf2
Ng4 38. exf5 $1 Nxf2+ (38... gxf5 {Stohl} 39. Ng5 $16) (38... Rxf5 {Stohl} 39.
Be4 $40) 39. Qxf2 Rxf5 40. Ne3 (40. Be4 $6 {Stohl} Nc5 $1 41. Bxf5 Rxe1+ 42.
Qxe1 Qxf5 43. Qe8+ Bf8 44. Kg1 $8 Kg7 $1 $17) 40... Bxg2+ 41. Qxg2 Rc5 (41...
Rf7 $142 $16 {Stohl}) 42. c4 $18 {>< Rc5} Bc3 43. Rf1 Bd4 44. Nd5 c6 $5 45. f5
$1 gxf5 (45... cxd5 {Stohl} 46. fxe6 Qg7 47. Rf7 Qe5 48. Qd2 $18) 46. Nhf4 Nxf4
47. Nxf4 Qf6 (47... Qg7 {Stohl} 48. Qf3 $18) 48. Nxh5 Qe5 49. Nf4 Qe4 50. Qxe4
Rxe4 51. Nd3 Re3 52. Kg2 1-0

[Event "Presov 2nd"]
[Site "Presov"]
[Date "2000.08.13"]
[Round "2"]
[White "Macieja, Bartlomiej"]
[Black "Stocek, Jiri"]
[Result "1/2-1/2"]
[WhiteElo "2536"]
[BlackElo "2514"]
[Annotator "Konikowski,J"]
[PlyCount "37"]
[EventDate "2000.08.12"]
[EventType "tourn"]
[EventRounds "9"]
[EventCountry "SVK"]
[EventCategory "10"]
[SourceTitle "CBM 079"]
[Source "ChessBase"]
[SourceDate "2000.11.21"]
[SourceVersion "1"]
[SourceVersionDate "2000.11.21"]
[SourceQuality "1"]

1. e4 d6 2. Nc3 Nf6 3. f4 Bg4 4. Nf3 e6 5. h3 Bxf3 6. Qxf3 d5 7. d3 Nc6 8. Qf2
(8. exd5 exd5 9. g4 Bb4 $11) 8... Bb4 9. Bd2 dxe4 10. O-O-O Bxc3 11. Bxc3 Qd5 (
11... exd3 12. Bxd3 Qe7 13. Bb5 (13. g4 $5) 13... O-O 14. Bxc6 bxc6 15. Qh4
Rfd8 16. Bxf6 Qxf6 17. Qxf6 gxf6 18. g4 $11) 12. Qg3 O-O-O 13. Qxg7 Nh5 14. Qg5
Rhg8 15. Qxd5 Rxd5 (15... exd5 $5 $15) 16. g4 Ng3 17. Rg1 Nxf1 18. Rgxf1 exd3
19. Rxd3 1/2-1/2

[Event "Corus"]
[Site "Wijk aan Zee"]
[Date "2010.01.21"]
[Round "5"]
[White "Smeets, Jan"]
[Black "Kramnik, Vladimir"]
[Result "0-1"]
[WhiteElo "2657"]
[BlackElo "2788"]
[Annotator "Kramnik,V"]
[PlyCount "80"]
[EventDate "2010.01.16"]
[EventType "tourn"]
[EventRounds "13"]
[EventCountry "NED"]
[EventCategory "19"]
[SourceTitle "CBM 135"]
[Source "ChessBase"]
[SourceDate "2010.03.17"]
[SourceVersion "1"]
[SourceVersionDate "2010.03.17"]
[SourceQuality "1"]

1. e4 d6 $1 2. d4 Nf6 3. Nc3 g6 4. Be3 a6 5. Be2 (5. Qd2 {is more common: ist
geläufiger:} b5 6. f3 Nbd7) 5... Bg7 6. Qd2 (6. h4 $5 {After 5.Be2 this
continuation seems more logical. Nach 5.Be2 sieht diese Fortsetzung logischer
aus.} b5 7. h5) 6... b5 7. Bh6 O-O 8. e5 (8. h4 b4 $1 9. Nd5 Nxe4 10. Qe3 Bxh6
11. Qxh6 e6 12. Ne3 Qf6) (8. Bxg7 $142 {It is already time for White to think
about equalising. Es wird für Weiß bereits Zeit, ans Ausgleichen zu denken.}
Kxg7 9. Bf3 $11 e5 10. Nge2 Nbd7 11. O-O Bb7 12. d5) 8... dxe5 9. Bxg7 Kxg7 10.
Bf3 (10. dxe5 Qxd2+ 11. Kxd2 Rd8+ 12. Ke3 Ng4+ 13. Bxg4 Bxg4 14. h3 Bf5 $15)
10... c6 (10... Ra7 11. dxe5 Qxd2+ 12. Kxd2 Rd8+ 13. Ke3 Nfd7 $15 14. Rd1 Rf8
15. Kf4 Nc5) 11. dxe5 Qxd2+ 12. Kxd2 Rd8+ 13. Ke3 Ng4+ (13... Nfd7 14. Rd1 Rf8
15. Kf4 $1 f6 16. exf6+ Nxf6 17. Kg3 Bf5 18. Re1 $13) 14. Bxg4 Bxg4 $15 15. h3
Bf5 {Black has to be fast, otherwise White will consolidate and equalise.
Schwarz muss schnell sein, ansonsten wird sich Weiß konsolidieren und
ausgleichen.} (15... Be6 16. f4 c5 17. Ne4 Bd5 18. Nf3 $11 Nc6 19. Rhd1 Nb4 20.
Ne1) 16. g4 {The most principled and probably the best move here. Der
prinzipiellste und vermutlich beste Zug hier.} (16. Nf3 Bxc2 (16... c5 17. Ne4)
17. Nd4 b4 18. Nxc2 bxc3 19. bxc3 Nd7 20. f4 Nb6 21. Nd4 c5 $15) (16. Rc1 Nd7
17. g4 Be6 18. Nf3 Nb6 $15) 16... Bxc2 $1 (16... Be6 17. Nge2 Nd7 18. f4 b4 19.
Ne4 $11) 17. Rc1 b4 $1 (17... Rd3+ 18. Ke2 Rxc3 19. bxc3 Be4 20. Nf3 Nd7 21.
Rhd1 Bd5 {Black definitely has enough for the exchange, but probably not more
really. Schwarz hat definitiv genug für die Qualität, aber wohl nicht wirklich
mehr.} 22. Ke3 Nb6 $13) 18. Rxc2 bxc3 19. Nf3 (19. Rxc3 Rd1 $1 $17 {and the
pin seems to be more than annoying. und die Fesselung ist offenbar mehr als
lästig.}) 19... cxb2 20. Rb1 Rd5 21. e6 $6 {Too delicate, it was better just
to take the b2-pawn immediately with good drawing chances. Zu heikel, besser
war es, einfach sofort den b2-Bauern zu nehmen, mit guten Remischancen.} (21.
Rbxb2 $142 Nd7 (21... e6 22. Rd2 $11 Nd7 23. Rxd5 cxd5 24. Rb7 Rd8 25. Ra7 Nb8
26. Rb7) 22. e6 Ne5 23. exf7 Rd3+ 24. Ke4 Rxf3 25. Kxe5 Rxh3 26. Rxc6 Kxf7 27.
Rb7 Rf3 28. Re6 Re8 29. Rxa6 Rxf2 $15) 21... c5 (21... fxe6 $5 {actually also
was possible, but I wanted to activate my knight as soon as possible. war
tatsächlich ebenfalls möglich, aber ich wollte schnellstens meinen Springer
aktivieren.} 22. Rbxb2 c5 23. Rb6 Kf7) 22. exf7 Nc6 23. Rbxb2 Rad8 24. Ke4 Kxf7
(24... Nb4 $1 $17 {The most precise, since after Am genauesten, denn nach} 25.
Rc3 {Black has hat Schwarz} R8d6 $1 26. Ne5 Re6 27. f4 Rd4+ 28. Kf3 Nd5 29.
Rxc5 Rxf4+ 30. Kg3 Rxe5 31. Rxd5 Rxg4+ 32. hxg4 Rxd5 33. Rf2 Kf8) 25. Rc3 Nd4
26. Ne5+ ({Since my opponent already was in time trouble, I expected him to
simplify the position with Da mein Gegner bereits in Zeitnot war, erwartete
ich, dass er die Stellung vereinfachen würde mit} 26. Nxd4 Rxd4+ 27. Ke3 {
and the chances are fifty fifty for Black to win and for White to manage a
draw. , wonach die Gewinnchancen für Schwarz und die Remischancen für Weiß
fifty-fifty sind.} c4 28. Rbc2 Rd3+ 29. Ke2 R8d6 30. Rxc4 Rxh3 31. Ra4 h5 $17)
26... Ke8 {More human. Menschlich.} (26... Kf6 $5 {is the computer style move.
ist der Zug im Computerstil.} 27. Rb6+ R5d6 28. Rb2 Nc6) 27. Rb6 $2 (27. Rb7 $1
$15 Nb5 $140 28. Re3 $1 {A very difficult move to find in time trouble, and
now if Black forces the rook endgame, he can't win it. Ein in Zeitnot sehr
schwer zu findender Zug, und wenn Schwarz jetzt das Turmendspiel forciert,
kann er es nicht gewinnen.} Rxe5+ 29. Kxe5 Nd6 30. Rc7 Nc4+ 31. Kf4 Rd4+ 32.
Kg5 Nxe3 33. fxe3 Rc4 34. Kh6 Rc2 35. Kxh7 Kf7 36. h4) 27... Nb5 28. Rc2 (28.
Re3 $142 {was the only way to stay in the game, although the white position is
difficult. war der einzige Weg, in der Partie zu bleiben, obwohl die weiße
Stellung schwierig ist.} R5d6 29. Rxd6 Nxd6+ 30. Kf4 c4 31. Rc3 Rc8 $17 32. Ke3
Rc5 33. f4 g5) 28... R5d6 $1 29. Nc4 (29. Rxd6 exd6 30. Nc6 Rc8 31. Nb4 Kd7 32.
Nd5 Re8+ 33. Kd3 Rf8 34. f4 Nc7 35. Nxc7 Kxc7 36. Rf2 d5 $19) 29... Rd3 $19 30.
Ne3 Ra3 (30... R3d4+ $142 {was simpler, achieving a technically winning
endgame. war einfacher, was ein technisch gewonnenes Endspiel erreicht.} 31.
Kf3 R4d6 32. Rxd6 exd6) 31. Rb2 (31. Rxc5 $142 {probably would not save him,
but allows White to resist for a while. würde ihn wohl nicht retten, erlaubt
Weiß aber, eine Weile Widerstand zu leisten.} Rxa2 32. Nd5 Kf7) 31... c4 {
Now Black is completely winning.  Nun steht Schwarz komplett auf Gewinn.} 32.
Ke5 c3 33. Rc2 Rd2 {I was now trying to choose the most accurate way to win,
although probably there were shorter ones. I did not bother to search for one,
there is no point in such a position. Nun versuchte ich, den genausesten
Gewinnweg zu wählen, obwohl es wahrscheinlich kürzere gab. Danach suchte ich
gar nicht erst, das hat in einer solchen Stellung keinen Sinn.} 34. Rc1 Rxf2
35. Nd5 c2 36. Nb4 Re3+ 37. Kd5 Rd2+ 38. Kc6 Rc3+ 39. Kb7 Nd6+ 40. Ka8 {
Despite his active king, White is not doing great, it seems. Trotz seines
aktiven König ist es um Weiß offenbar nicht gut bestellt.} a5 0-1

[Event "Interzonal-16"]
[Site "Biel"]
[Date "1993.??.??"]
[Round "9"]
[White "Lautier, Joel"]
[Black "Kramnik, Vladimir"]
[Result "1/2-1/2"]
[WhiteElo "2620"]
[BlackElo "2710"]
[Annotator "Kramnik,V"]
[PlyCount "82"]
[EventDate "1993.07.16"]
[EventType "swiss"]
[EventRounds "13"]
[EventCountry "SUI"]
[SourceTitle "CBM 037"]
[Source "ChessBase"]
[SourceDate "1993.12.01"]
[SourceVersion "1"]
[SourceVersionDate "1993.12.01"]
[SourceQuality "1"]

1. e4 d6 2. d4 Nf6 3. Bd3 e5 4. Nf3 exd4 5. Nxd4 g6 6. Nc3 Bg7 7. Bg5 (7. O-O
O-O 8. Re1 c6 9. a4 Nbd7) 7... h6 8. Bh4 Nc6 $5 9. Nxc6 bxc6 10. O-O (10. f4 $6
g5 $1 11. fxg5 Ng4 12. Qd2 Rg8 $1) 10... g5 $1 11. Bg3 Ng4 12. h3 Ne5 13. Ne2
$5 Nxd3 14. Qxd3 (14. cxd3 $2 Bxb2 15. Rb1 Bg7 16. f4 O-O $15) 14... Bxb2 15.
Rad1 $1 Bg7 16. e5 O-O (16... d5 $2 17. Nd4 Bd7 18. e6 $1 $40) 17. exd6 $6 (17.
f4 $1 Re8 (17... gxf4 18. Bxf4 {/\ Qg3->}) 18. Qf3 Qe7 19. Nd4 $1 dxe5 20. fxe5
(20. Nxc6 Qc5+ 21. Bf2 e4 $1) 20... Be6 21. Qxc6 $13) 17... cxd6 18. Bxd6 Re8
19. c4 Qf6 $1 20. Ng3 Qg6 21. Qb3 (21. Qxg6 fxg6 22. c5 Be6 23. a3 $15) 21...
Be6 22. Qa4 h5 $1 23. Rfe1 $2 (23. f3 f5 $1 $15) 23... h4 24. Nf1 g4 $1 25.
hxg4 Bxg4 26. Qxc6 $1 (26. Rxe8+ Rxe8 27. Qxc6 Re6 $5 28. Rd2 Bc3 $1 29. Rd5
$140 Bf3) 26... Red8 $1 (26... Rec8 27. Qd5 Bxd1 28. Rxd1 $15) 27. f3 Rac8 28.
Qe4 Bf5 29. Qf4 Bh6 30. Qe5 (30. Qh2 Rxc4 31. Ne3 Bxe3+ 32. Rxe3 Rc6 $19) 30...
Rxc4 31. Ba3 Rxd1 32. Rxd1 Bg7 $1 33. Qe2 (33. Qe8+ Kh7 34. Rd8) 33... Rc2 $2 (
33... h3 34. Ne3 (34. g3 Be6 $17) 34... Bd4 $1) 34. Rd2 h3 35. g4 Rxd2 (35...
Rc8 $5) 36. Nxd2 Be6 37. Ne4 f5 $2 38. Ng5 $1 Bd5 39. Nxh3 (39. Qd3 $10) 39...
fxg4 40. fxg4 Bd4+ (40... Qb6+ 41. Nf2 $1 Qb1+ 42. Kh2 Qb8+ 43. Kh3) 41. Kh2
Qe6 1/2-1/2

[Event "ARG-ch Najdorf Memorial"]
[Site "Buenos Aires"]
[Date "1999.11.21"]
[Round "3"]
[White "Giaccio, Alfredo Gustavo"]
[Black "Tempone, Marcelo"]
[Result "1-0"]
[WhiteElo "2505"]
[BlackElo "2423"]
[Annotator "Kundin,A"]
[PlyCount "67"]
[EventDate "1999.11.19"]
[EventType "tourn"]
[EventRounds "13"]
[EventCountry "ARG"]
[EventCategory "9"]
[SourceTitle "CBM 074"]
[Source "ChessBase"]
[SourceDate "2000.02.01"]
[SourceVersion "1"]
[SourceVersionDate "2000.02.01"]
[SourceQuality "1"]

1. e4 d6 2. d4 Nf6 3. f3 e5 4. dxe5 dxe5 5. Qxd8+ Kxd8 6. Bc4 Be6 7. Bxe6 fxe6
8. Be3 Bd6 9. Nh3 $146 (9. Nd2 Ke7 10. Nh3 Nbd7 11. Nf2 Rhg8 12. O-O-O g5 13.
g4 $14 {Arkhipov,S-Panchenko,A/Nabereznye Chelny 1993/Inf 58 (19)}) 9... Ke7
10. Nf2 Nc6 $6 {In this pawn structure the knight's place is on d7.} (10...
Nbd7 {Looks better.}) 11. c3 $1 {Now the knight is restricted.} a6 12. Nd2 Rag8
{[%cal Gg7g5] A typical plan, trying to weaken white's pawn formation.} 13. g3
{So that the pawn won't hang after g5-g4.} (13. Ke2 g5 14. g4 $14 {Was also
possible.}) 13... Rf8 $6 (13... g5 {Was the natural continuation and gave
black some counterplay.} 14. Ke2 (14. Ng4 h5 $132) 14... h5 $14) 14. Ke2 Rf7 $6
{It is rather unclear why should the rook stay on f7, since doubling the rook
is pointless.} 15. Nd3 {[%csl Gc5]} Nd7 16. b4 $1 {[%cal Ga2a4] Seizing space
on the queenside and perhaps intending to play a4 and b5.} Ra8 {After dropping
the plan with g5 black has left himself with no counterplay at all. Right now
he tries to prevent a4 followed by b5.} (16... b5 17. a4 $16 {[%cal Gd2b3,
Ga4b5]}) 17. a3 {[%cal Gc3c5] So the c pawn advances.} Ke8 $6 {Black is too
passive.} (17... b5 $5 18. c4 (18. a4 Rff8) 18... Ke8 19. Rhc1 $16) 18. c4 Be7
19. c5 {[%cal Gd2c4] Black can hardly move, and the breakthrough b5 only opens
files for the white rooks.} b5 $6 (19... Nd4+ 20. Bxd4 exd4 21. Rhc1 {[%cal
Gc5c6]} c6 22. f4 $16) 20. cxb6 cxb6 21. Rhc1 Nd4+ 22. Bxd4 exd4 23. e5 $18 {
[%csl Gb6,Gd4,Ge6][%cal Gd2e4]} (23. Rc6 {Was just as good.} e5 24. Nc4 $18)
23... g5 {Trying to prevent f4, but loses a pawn. Basically, the game has
already ended, there are too many weaknesses to defend and all black pieces
are badly coordinated.} (23... Rf5 24. f4 g5 25. Nf3 $18 {[%csl Gd4]}) 24. Nb3
(24. Rc6 $18) 24... Nf8 25. Rc6 {The d4 pawn can wait.} Bd8 (25... a5 26. b5
$18) 26. Nxd4 Rc7 27. Rac1 Rxc6 (27... Rac8 28. b5 $1 axb5 29. Rxc7 Rxc7 (29...
Bxc7 30. Nxb5 Kd7 31. Ke3 Ng6 32. Ke4 $18) 30. Rxc7 Bxc7 31. Nxb5 Bb8 32. Ke3
$18) 28. Rxc6 Kf7 29. Nf2 {[%cal Gf2e4,Ge4d6] Black is a pawn down, but still
without any counterplay.} a5 30. b5 a4 31. Ne4 Rb8 32. Rc4 (32. Nd6+ Kg6 33.
Ke3 $18) 32... Ra8 33. Nc6 Nd7 34. Rd4 (34. Rd4 Ke8 35. Nd6+ Kf8 36. Nb7 $18)
1-0